Online
Catalog

Elegía a la muerte de Juan Ponce de León : (Record no. 17878)

MARC details
000 -CABECERA
campo de control de longitud fija 01063cam a2200253 a 4500
001 - NÚMERO DE CONTROL
campo de control 000018357
005 - FECHA Y HORA DE LA ÚLTIMA TRANSACCIÓN
campo de control 20200929165455.0
008 - DATOS DE LONGITUD FIJA--INFORMACIÓN GENERAL
campo de control de longitud fija 751016s1967 pr 000 p spa d
035 ## - NÚMERO DE CONTROL DEL SISTEMA
Número de control de sistema (DLC) 68088911
035 ## - NÚMERO DE CONTROL DEL SISTEMA
Número de control de sistema (OCoLC)1709773
040 ## - FUENTE DE LA CATALOGACIÓN
Centro catalogador/agencia de origen DO-SdBNP
Lengua de catalogación spa
Centro/agencia transcriptor NNCU-G
Centro/agencia modificador DLC
-- BNPHU
082 ## - NÚMERO DE LA CLASIFICACIÓN DECIMAL DEWEY
Número de clasificación PR861.1
Número de documento/Ítem C348e, 1967
100 1# - ENTRADA PRINCIPAL--NOMBRE DE PERSONA
Nombre de persona Castellanos, Juan de,
Fechas asociadas al nombre 1522-1607.
9 (RLIN) 16893
245 10 - MENCIÓN DE TÍTULO
Título Elegía a la muerte de Juan Ponce de León :
Resto del título donde se cuenta la conquista de Borinquen. /
Mención de responsabilidad, etc. Juan de Castellanos ; estudio preliminar María Teresa Babin ; Selección traducida al inglés Muna Lee.
260 ## - PUBLICACIÓN, DISTRIBUCIÓN, ETC.
Lugar de publicación, distribución, etc. San Juan, Puerto Rico :
Nombre del editor, distribuidor, etc. Instituto de Cultura Puertorriqueña,
Fecha de publicación, distribución, etc. 1967.
300 ## - DESCRIPCIÓN FÍSICA
Extensión 113 p. ;
Dimensiones 22 cm.
600 10 - PUNTO DE ACCESO ADICIONAL DE MATERIA--NOMBRE DE PERSONA
Nombre de persona PONCE DE LEÓN, JUAN,
Fechas asociadas al nombre 1460?-1521
Subdivisión de forma POETA
9 (RLIN) 17334
650 #4 - PUNTO DE ACCESO ADICIONAL DE MATERIA--TÉRMINO DE MATERIA
Término de materia o nombre geográfico como elemento de entrada Poesía puertorriqueña
9 (RLIN) 1015
650 #4 - PUNTO DE ACCESO ADICIONAL DE MATERIA--TÉRMINO DE MATERIA
Término de materia o nombre geográfico como elemento de entrada Literatura puertorriqueña
Subdivisión cronológica SIGLO XVI
9 (RLIN) 17335
650 #4 - PUNTO DE ACCESO ADICIONAL DE MATERIA--TÉRMINO DE MATERIA
Término de materia o nombre geográfico como elemento de entrada Literatura latinoaméricana
Subdivisión cronológica SIGLO XVI
9 (RLIN) 17336
700 1# - PUNTO DE ACCESO ADICIONAL--NOMBRE DE PERSONA
Nombre de persona Babin, María Teresa.,
9 (RLIN) 39759
700 1# - PUNTO DE ACCESO ADICIONAL--NOMBRE DE PERSONA
Nombre de persona Lee, Muna,
Término indicativo de función/relación tr.
9 (RLIN) 39760
910 ## - DATOS DE OPCIÓN DEL USUARIO (OCLC)
Datos de opción del usuario Catalogación por derivada / LC
Holdings
Estado de retiro Estado de pérdida Restricciones de uso No para préstamo Código de colección Localización permanente Ubicación/localización actual Ubicación en estantería Fecha de adquisición Número de inventario Total de préstamos Signatura topográfica completa Código de barras Fecha visto por última vez Precio válido a partir de Tipo de ítem Koha
        Monografías: Libros y Folletos General General En catalogación 30.04.2010 LF1   PR861.1 C348e, 1967 18357-10 25.06.2020 25.06.2020 Préstamo en sala

Powered by Koha